Gay e AIDS in Italia : stili di vita sessuale, strategie di protezione e rappresentazione del rischio /

Uloženo v:
Podrobná bibliografie
Hlavní autor: Colombo, Asher (Autor)
Médium: Kniha
Jazyk:italština
Vydáno: Bologna : Il mulino, \2000!
Edice:Ricerche e studi dell'Istituto Cattaneo Istituto Cattaneo
Témata:
Tagy: Přidat tag
Žádné tagy, Buďte první, kdo vytvoří štítek k tomuto záznamu!

MARC

LEADER 00000nam a2200000 i 4500
001 IT\ICCU\UBO\1164505
003 ItRI
005 20260226154404.0
008 001128s2000 it |||||| ||||| |||||c
015 |2 IT  |a 2001-11328 
020 |a 8815078614 
040 |b ita  |c Arcigay Rimini 
041 7 |a ita  |2 ISO-639-2 
082 |a 362.1969792  |2 21 
100 1 |a Colombo, Asher  |0 IT\ICCU\PUVV\194447  |4 aut 
245 1 0 |a Gay e AIDS in Italia :  |b stili di vita sessuale, strategie di protezione e rappresentazione del rischio /  |c di Asher Colombo. 
260 |a Bologna :  |b Il mulino,  |c \2000! 
300 |a 202 p. ;  |c 22 cm 
500 |a In testa al front.: Istituto di studi e ricerche Carlo Cattaneo. 
650 7 |a Italiani  |x Comportamento sessuale  |2 scbi 
650 7 |a Sindrome da immunodeficienza acquisita  |x Italia  |x Aspetti sociali  |2 scbi 
650 7 |a Omosessuali  |x Comportamento sessuale  |x Italia  |2 scbi 
830 0 |a Ricerche e studi dell'Istituto Cattaneo  |a Istituto Cattaneo  |0 IT\ICCU\CFI\0007310 
942 |2 ddc  |c BK 
952 |0 0  |1 0  |2 ddc  |4 0  |6 362_196000000000000_COL_GAY  |7 0  |9 2481  |a RN  |b RN  |d 2024-12-30  |l 0  |o 362.196 COL GAY  |p 9925  |r 2024-12-30 11:16:43  |w 2024-12-30  |y BK 
952 |0 0  |1 0  |4 0  |6 A_616_979000000000000_COL  |7 0  |9 15231  |a BO  |b BO  |d 2026-01-15  |i 5599  |l 0  |o A 616.979 COL  |p BO5599  |r 2026-01-15 23:19:00  |w 2026-01-15  |x [Sebina 5] [1 v. (3. copia)]  |y BK  |z 1 v. (3. copia) 
952 |0 0  |1 0  |4 0  |6 A_616_979000000000000_COL  |7 0  |9 15232  |a BO  |b BO  |d 2026-01-15  |i 8265  |l 0  |o A 616.979 COL  |p BO8265  |r 2026-01-15 23:19:00  |w 2026-01-15  |x [Sebina 5] [1 v.]  |y BK  |z 1 v. 
952 |0 0  |1 0  |4 0  |6 A_616_979000000000000_COL  |7 0  |9 15233  |a BO  |b BO  |d 2026-01-15  |i 5748  |l 0  |o A 616.979 COL  |p BO5748  |r 2026-01-15 23:19:00  |w 2026-01-15  |x [Sebina 5] [1 v.]  |y BK  |z 1 v. 
952 |0 0  |1 0  |4 0  |6 A_616_979000000000000_COL  |7 0  |9 15234  |a BO  |b BO  |d 2026-01-15  |i 14951  |l 0  |o A 616.979 COL  |p BO14951  |r 2026-01-15 23:19:00  |w 2026-01-15  |x [Sebina 5] [1 v.]  |y BK  |z 1 v. (4. copia) 
999 |c 2156  |d 2156